[Event "Schachfestival 2012"]
[Site "Bad Wörishofen"]
[Date "2012.03.06"]
[Round "5.7"]
[White "Zude, Arno"]
[Black "Ivanov, Mikhail"]
[Result "1-0"]
[WhiteElo "2442"]
[BlackElo "2401"]
[PlyCount "79"]
[EventDate "2012.??.??"]

1. e4 e5 2. Nf3 Nc6 3. Bb5 a6 4. Bxc6 dxc6 5. O-O f6 6. d4 Bg4 7. c3 Bd6 8. Be3
Ne7 9. Nbd2 Qd7 10. h3 Be6 11. dxe5 fxe5 12. Qe2 O-O 13. Ng5 Kh8 14. Nxe6 Qxe6
15. Qg4 Qg8 16. b3 Rf6 17. Nc4 Rg6 18. Qh4 Qe6 19. Rad1 a5 20. Rd3 a4 21. Rfd1
axb3 22. axb3 Ng8 23. Nxd6 cxd6 24. c4 b5 25. cxb5 cxb5 26. Rd5 b4 27. R1d3 Qf7
28. Kh1 Rc8 29. Qh5 Qc7 30. Qd1 Qb7 31. f3 Rc3 32. Rxc3 bxc3 33. Qc2 Qa6 34.
Rd3 Qa1+ 35. Bc1 d5 36. exd5 e4 37. fxe4 Nf6 38. Qxc3 Qa6 39. Qc4 Qb7 40. d6 {
Zeit} 1-0

[Event "Schachfestival 2012"]
[Site "Bad Wörishofen"]
[Date "2012.03.06"]
[Round "5.8"]
[White "Zubarev, Alexander"]
[Black "Melamed, Tetyana"]
[Result "1-0"]
[WhiteElo "2597"]
[BlackElo "2347"]
[PlyCount "47"]
[EventDate "2012.??.??"]

1. e4 c5 2. Nf3 d6 3. d4 cxd4 4. Nxd4 Nf6 5. Nc3 a6 6. Be3 e6 7. g4 h6 8. Bg2
Qc7 9. Qe2 Nc6 10. h3 Be7 11. f4 Nxd4 12. Bxd4 e5 13. Be3 exf4 14. Bxf4 Be6 15.
O-O-O Nd7 16. Nd5 Bxd5 17. exd5 Ne5 18. Kb1 Ng6 19. Bh2 O-O 20. Be4 Ne5 21.
Bxe5 dxe5 22. h4 Rfd8 23. g5 hxg5 24. Qh5 1-0

[Event "Schachfestival 2012"]
[Site "Bad Wörishofen"]
[Date "2012.03.06"]
[Round "5.19"]
[White "Schiffer, Steve"]
[Black "Graf, Felix"]
[Result "0-1"]
[WhiteElo "2121"]
[BlackElo "2378"]
[PlyCount "44"]
[EventDate "2012.??.??"]

1. e4 e6 2. d4 d5 3. exd5 exd5 4. Nf3 Nc6 5. h3 Bf5 6. Bd3 Qd7 7. Be3 Nf6 8.
Bxf5 Qxf5 9. O-O Bd6 10. Re1 O-O-O 11. c3 g5 12. Nxg5 Rhg8 13. h4 Rg7 14. Qf3
Qg6 15. Kh1 Rdg8 16. Rg1 Ne7 17. Nd2 Nf5 18. Qh3 h6 19. Ngf3 Ng4 20. Ne5 Bxe5
21. dxe5 Qe6 22. Raf1 Ngxe3 0-1

[Event "Schachfestival 2012"]
[Site "Bad Wörishofen"]
[Date "2012.03.06"]
[Round "5.35"]
[White "Neumann, Joachim"]
[Black "Kretschel, Klaus"]
[Result "1-0"]
[WhiteElo "2141"]
[BlackElo "2037"]
[PlyCount "35"]
[EventDate "2012.??.??"]

1. d4 f5 2. Nf3 Nf6 3. g3 g6 4. Bg2 Bg7 5. O-O O-O 6. b3 d6 7. Bb2 c6 8. c4 Ne4
9. Nbd2 Nxd2 10. Qxd2 Qc7 11. d5 Bxb2 12. Qxb2 Nd7 13. Nd4 Ne5 14. dxc6 bxc6
15. f4 Ng4 16. Bxc6 Bb7 17. Ne6 Qb6+ 18. c5 1-0

[Event "Schachfestival 2012"]
[Site "Bad Wörishofen"]
[Date "2012.03.06"]
[Round "5.42"]
[White "Wiesbeck, Florian"]
[Black "Mircoli, Filippo"]
[Result "1-0"]
[WhiteElo "1926"]
[BlackElo "1735"]
[PlyCount "31"]
[EventDate "2012.??.??"]

1. d4 e6 2. Nf3 Nf6 3. e3 d5 4. Bd3 Bb4+ 5. c3 Bd6 6. Qc2 h6 7. O-O Nbd7 8.
Nbd2 c5 9. c4 cxd4 10. exd4 b6 11. cxd5 Bb7 12. dxe6 fxe6 13. Bg6+ Ke7 14. Re1
Rf8 15. Nh4 Rc8 16. Nf5# 1-0

[Event "Schachfestival 2012"]
[Site "Bad Wörishofen"]
[Date "2012.03.06"]
[Round "5.44"]
[White "De Andres Gonalons, Fern"]
[Black "Frei, Markus"]
[Result "1-0"]
[WhiteElo "2084"]
[BlackElo "1962"]
[PlyCount "33"]
[EventDate "2012.??.??"]

1. d4 d5 2. c4 c6 3. Nf3 Nf6 4. Nc3 e6 5. e3 Nbd7 6. Bd3 dxc4 7. Bxc4 b5 8. Bd3
c5 9. Bxb5 Bb7 10. O-O Be7 11. dxc5 Bxf3 12. Qxf3 Bxc5 13. Rd1 Rc8 14. e4 Qc7
15. Bf4 e5 16. Nd5 Nxd5 17. Rxd5 1-0

[Event "Schachfestival 2012"]
[Site "Bad Wörishofen"]
[Date "2012.03.06"]
[Round "5.85"]
[White "Herold, Gunther"]
[Black "Sauerwein, Martin"]
[Result "1-0"]
[WhiteElo "1871"]
[BlackElo "1641"]
[PlyCount "43"]
[EventDate "2012.??.??"]

1. b3 f5 2. Bb2 e6 3. e3 Nf6 4. d4 Be7 5. Nf3 O-O 6. c4 c6 7. Qc2 d5 8. Nbd2
Nbd7 9. Bd3 h6 10. O-O g5 11. cxd5 cxd5 12. Ne5 Kg7 13. f3 Bd6 14. e4 f4 15.
Nxd7 Nxd7 16. e5 Be7 17. Bg6 Qb6 18. Bh5 Nxe5 19. Kh1 Nd7 20. Qg6+ Kh8 21.
Qxh6+ Kg8 22. Bg6 1-0

[Event "Schachfestival 2012"]
[Site "Bad WÃ¶rishofen"]
[Date "2012.03.06"]
[Round "5.34"]
[White "Kerber, Alfred"]
[Black "Dewenter, Ulf"]
[Result "0-1"]
[WhiteElo "2009"]
[BlackElo "2146"]
[PlyCount "36"]
[EventDate "2012.??.??"]

1. e4 Nf6 2. e5 Nd5 3. d4 d6 4. f4 dxe5 5. fxe5 c5 6. Nf3 cxd4 7. Bb5+ Bd7 8.
Bxd7+ Qxd7 9. Nxd4 e6 10. Qg4 Nc6 11. Nxc6 Qxc6 12. O-O Qxc2 13. Na3 Bxa3 14.
Qxg7 Bc5+ 15. Kh1 O-O-O 16. Bh6 Rhg8 17. Rac1 Qe2 18. Rce1 Qxb2 0-1

[Event "Schachfestival 2012"]
[Site "Bad WÃ¶rishofen"]
[Date "2012.03.06"]
[Round "5.43"]
[White "Buchäckert, Jürgen"]
[Black "Schmitzer, Peter"]
[Result "0-1"]
[WhiteElo "1979"]
[BlackElo "2101"]
[PlyCount "64"]
[EventDate "2012.??.??"]

1. e4 e5 2. d4 exd4 3. Qxd4 Nc6 4. Qe3 d6 5. Nc3 g6 6. Bd2 Bg7 7. O-O-O Be6 8.
f4 Qe7 9. Nd5 Bxd5 10. exd5 Qxe3 11. Bxe3 Nce7 12. Nf3 Nf6 13. Bc4 O-O 14. h3
b5 15. Bb3 a5 16. a3 Rfb8 17. Bd4 Nf5 18. Rhe1 a4 19. Ba2 Nxd4 20. Nxd4 Nh5 21.
Nc6 Re8 22. f5 Nf4 23. fxg6 hxg6 24. g4 Nxh3 25. Rf1 Re2 26. Rd3 Nf2 27. Rf3
Bh6+ 28. Kb1 Rae8 29. Ka1 Re1+ 30. Rxe1 Rxe1+ 31. Bb1 Ne4 32. Rh3 Kg7 0-1

[Event "Schachfestival 2012"]
[Site "Bad WÃ¶rishofen"]
[Date "2012.03.06"]
[Round "5.47"]
[White "König, Falk"]
[Black "Ries, Berthold"]
[Result "1-0"]
[WhiteElo "2116"]
[BlackElo "1986"]
[PlyCount "49"]
[EventDate "2012.??.??"]

1. e4 c5 2. c3 d5 3. exd5 Qxd5 4. d4 Nf6 5. Nf3 Bg4 6. dxc5 Qxd1+ 7. Kxd1 e5 8.
b4 e4 9. h3 Bh5 10. g4 Nxg4 11. hxg4 Bxg4 12. Nbd2 exf3 13. Bd3 f5 14. Re1+ Be7
15. Nc4 Kf8 16. Bf4 Na6 17. Kc2 Nxc5 18. bxc5 Bxc5 19. Ne5 Rd8 20. Bg5 Rxd3 21.
Nxd3 Bd6 22. Re6 Bb8 23. Re7 b6 24. Rb7 Bd6 25. Rd7 1-0

[Event "Schachfestival 2012"]
[Site "Bad WÃ¶rishofen"]
[Date "2012.03.07"]
[Round "6.1"]
[White "Epishin, Vladimir"]
[Black "Pap, Misa"]
[Result "1/2-1/2"]
[WhiteElo "2559"]
[BlackElo "2501"]
[PlyCount "47"]
[EventDate "2012.??.??"]

1. d4 Nf6 2. Nf3 c5 3. c4 cxd4 4. Nxd4 e5 5. Nb5 d5 6. cxd5 Bc5 7. e3 O-O 8.
N5c3 e4 9. Be2 Qe7 10. Nd2 Rd8 11. O-O Bf5 12. Nc4 a6 13. a3 Nc6 14. b4 Ba7 15.
Bb2 b5 16. Qc1 Nxb4 17. axb4 bxc4 18. Rd1 Bb8 19. Rd4 Qd6 20. g3 Qxb4 21. Ba3
Qb7 22. Rb1 Qd7 23. d6 Be6 24. Bxc4 1/2-1/2

[Event "Schachfestival 2012"]
[Site "Bad WÃ¶rishofen"]
[Date "2012.03.07"]
[Round "6.2"]
[White "Meijers, Viesturs"]
[Black "Zude, Arno"]
[Result "0-1"]
[WhiteElo "2490"]
[BlackElo "2442"]
[PlyCount "72"]
[EventDate "2012.??.??"]

1. Nf3 Nf6 2. c4 e6 3. e3 b6 4. b3 Bb7 5. Bb2 Be7 6. g3 O-O 7. Bg2 d5 8. O-O
Nbd7 9. d4 c5 10. Nbd2 Rc8 11. Rc1 Rc7 12. Qe2 dxc4 13. bxc4 Qa8 14. Rfd1 Rfc8
15. Ne1 Bf8 16. h4 Bxg2 17. Nxg2 Qc6 18. Nf4 cxd4 19. exd4 Qa4 20. a3 Qc6 21.
d5 exd5 22. cxd5 Qa4 23. Rxc7 Rxc7 24. Re1 b5 25. Ne6 fxe6 26. Qxe6+ Kh8 27. d6
Rc6 28. Ne4 Qc4 29. Qf5 Qd5 30. Qf3 h6 31. Bxf6 Nxf6 32. Qf4 Qe6 33. Qd2 Bxd6
34. Nxf6 Qxf6 35. Re8+ Bf8 36. Qb4 Rc1+ 0-1

[Event "Schachfestival 2012"]
[Site "Bad WÃ¶rishofen"]
[Date "2012.03.07"]
[Round "6.8"]
[White "Schelle, Artur"]
[Black "Gutman, Lev"]
[Result "0-1"]
[WhiteElo "2216"]
[BlackElo "2452"]
[PlyCount "86"]
[EventDate "2012.??.??"]

1. e4 c5 2. Nc3 d6 3. f4 g6 4. Nf3 Bg7 5. Bb5+ Bd7 6. Bc4 Nc6 7. O-O Na5 8. Be2
Nf6 9. Qe1 O-O 10. e5 dxe5 11. Nxe5 Nc6 12. d3 Rc8 13. Bf3 Nd4 14. Qf2 b6 15.
Be3 Be8 16. Rae1 Nd7 17. Bc1 Nxe5 18. fxe5 Bc6 19. Bxc6 Rxc6 20. Bf4 Ne6 21.
Qf3 Qd7 22. Bg3 Nd4 23. Qf2 Re6 24. Qd2 Nc6 25. Qg5 h6 26. Qd2 c4 27. Rf3 Nxe5
28. Rfe3 Nc6 29. Rxe6 fxe6 30. h3 cxd3 31. cxd3 Nd4 32. Bf4 Kh7 33. Nd1 Rc8 34.
Nc3 Nf5 35. Kh2 Rd8 36. g4 Nd4 37. Qg2 Rf8 38. Re4 g5 39. Bg3 Nf3+ 40. Kh1 Qxd3
41. Qe2 Qd7 42. Qg2 b5 43. a3 a5 0-1

[Event "Schachfestival 2012"]
[Site "Bad WÃ¶rishofen"]
[Date "2012.03.07"]
[Round "6.5"]
[White "Wichmann, Cliff"]
[Black "Levin, Felix"]
[Result "1/2-1/2"]
[WhiteElo "2361"]
[BlackElo "2502"]
[PlyCount "46"]
[EventDate "2012.??.??"]

1. d4 Nf6 2. c4 e6 3. Nf3 Bb4+ 4. Nbd2 O-O 5. a3 Be7 6. e4 d5 7. Bd3 c5 8. cxd5
exd5 9. e5 Nfd7 10. O-O Nc6 11. Re1 a5 12. Qc2 h6 13. dxc5 Nxc5 14. Nb3 Nxd3
15. Qxd3 a4 16. Nbd4 Na5 17. Bd2 Nc4 18. Bc3 Be6 19. Nd2 Bc5 20. Re2 Rc8 21.
Kh1 Nxd2 22. Rxd2 Bxd4 23. Bxd4 Qd7 1/2-1/2

[Event "Schachfestival 2012"]
[Site "Bad WÃ¶rishofen"]
[Date "2012.03.07"]
[Round "6.10"]
[White "Karpatchev, Alexandr"]
[Black "Kauch, Markus"]
[Result "1-0"]
[WhiteElo "2443"]
[BlackElo "2224"]
[PlyCount "55"]
[EventDate "2012.??.??"]

1. e4 c5 2. c3 d5 3. exd5 Qxd5 4. Nf3 Nf6 5. Na3 e6 6. d4 Nc6 7. Be3 cxd4 8.
Nb5 Qd8 9. Nbxd4 Nxd4 10. Bxd4 Be7 11. Bd3 O-O 12. Qc2 h6 13. O-O-O Qa5 14. Kb1
e5 15. Nxe5 Be6 16. Bc4 Nd5 17. Rhe1 Rfc8 18. Bb3 Bf8 19. g3 Rc7 20. f4 Rac8
21. f5 Nb4 22. fxe6 Nxc2 23. exf7+ Rxf7 24. Bxf7+ Kh8 25. Kxc2 Bc5 26. Be6 Rc7
27. Bxc5 Rxc5 28. Rd8+ 1-0

[Event "Schachfestival 2012"]
[Site "Bad WÃ¶rishofen"]
[Date "2012.03.07"]
[Round "6.26"]
[White "Höller, Armin"]
[Black "Kannenberg, Karl-Heinz"]
[Result "1-0"]
[WhiteElo "2063"]
[BlackElo "2215"]
[PlyCount "77"]
[EventDate "2012.??.??"]

1. e4 d5 2. exd5 Qxd5 3. Nc3 Qd8 4. d4 Nf6 5. Bg5 e6 6. Nf3 Be7 7. Qd2 Nd5 8.
h4 c6 9. O-O-O h6 10. Nxd5 cxd5 11. Bf4 Nc6 12. Bb5 Bd7 13. Bxc6 Bxc6 14. g4
Rc8 15. Kb1 a5 16. g5 h5 17. Ne5 g6 18. Rh3 Bb5 19. c3 O-O 20. Qc2 Be8 21. Re1
Kh7 22. Nd3 b5 23. Be5 b4 24. Nf4 a4 25. Nxh5 b3 26. Qd3 bxa2+ 27. Kxa2 Qb6 28.
Nf6+ Bxf6 29. h5 Qb3+ 30. Ka1 a3 31. hxg6+ Kg8 32. Re2 Ra8 33. Kb1 Bxe5 34.
dxe5 fxg6 35. Rh6 Kg7 36. Rd2 a2+ 37. Ka1 Qc4 38. Qh3 Rg8 39. Qf3 1-0

[Event "Schachfestival 2012"]
[Site "Bad WÃ¶rishofen"]
[Date "2012.03.07"]
[Round "6.39"]
[White "Spanton, Tim"]
[Black "Bartels, Holger"]
[Result "0-1"]
[WhiteElo "1968"]
[BlackElo "2122"]
[PlyCount "69"]
[EventDate "2012.??.??"]

1. d4 d5 2. Nc3 Nf6 3. Bg5 Bf5 4. e3 e6 5. Bd3 Bg6 6. Nf3 Be7 7. Ne5 Nbd7 8.
Nxg6 hxg6 9. O-O c6 10. Na4 Nh5 11. Bxe7 Qxe7 12. Qe1 O-O-O 13. b4 a6 14. Nc5
e5 15. f4 exd4 16. exd4 Rde8 17. Qf2 Nxc5 18. bxc5 Qc7 19. g3 Nf6 20. Rae1 Ng4
21. Rxe8+ Rxe8 22. Qf3 f5 23. h3 Re3 24. Qg2 Nf6 25. Rf3 Re1+ 26. Rf1 Qa5 27.
Rxe1 Qxe1+ 28. Kh2 Ne4 29. g4 Qe3 30. Bxe4 dxe4 31. gxf5 Qxf4+ 32. Qg3 Qd2+ 33.
Kh1 Qd1+ 34. Kh2 Qxc2+ 35. Qg2 0-1

[Event "Schachfestival 2012"]
[Site "Bad WÃ¶rishofen"]
[Date "2012.03.07"]
[Round "6.45"]
[White "Malzer, Werner"]
[Black "Stull, Norbert"]
[Result "0-1"]
[WhiteElo "1933"]
[BlackElo "2074"]
[PlyCount "54"]
[EventDate "2012.??.??"]

1. e4 c5 2. Nc3 Nc6 3. f4 g6 4. Nf3 Bg7 5. Bc4 e6 6. a3 Nge7 7. O-O O-O 8. d3
d5 9. Ba2 b6 10. Qe1 Ba6 11. Rb1 dxe4 12. Nxe4 Nf5 13. Bc4 Bxc4 14. dxc4 Ncd4
15. Qf2 Nxf3+ 16. Qxf3 Qd4+ 17. Kh1 Qxc4 18. c3 Rad8 19. b3 Qd3 20. Bb2 Qxf3
21. Rxf3 h5 22. h3 h4 23. c4 Bxb2 24. Rxb2 Rd1+ 25. Kh2 Rfd8 26. Rff2 R8d4 27.
Nc3 Ng3 0-1

[Event "Schachfestival 2012"]
[Site "Bad WÃ¶rishofen"]
[Date "2012.03.07"]
[Round "6.47"]
[White "Ries, Berthold"]
[Black "Reichenbacher, Gerhard"]
[Result "1-0"]
[WhiteElo "1986"]
[BlackElo "1846"]
[PlyCount "63"]
[EventDate "2012.??.??"]

1. e4 c5 2. Nf3 g6 3. d4 cxd4 4. Qxd4 Nf6 5. e5 Nc6 6. Qa4 Nd5 7. Qe4 e6 8. c4
Nde7 9. Nc3 a6 10. h4 Bg7 11. h5 d5 12. exd6 Qxd6 13. hxg6 Nxg6 14. Bd2 f5 15.
Qe3 Nd4 16. O-O-O f4 17. Qe4 Nxf3 18. Qxf3 Qc6 19. Qh5 e5 20. Bd3 Be6 21. Bxg6+
hxg6 22. Qxg6+ Kf8 23. Rxh8+ Bxh8 24. Rh1 Bg7 25. Rh7 Qd7 26. Ne4 Qf7 27. Bb4+
Kg8 28. Rxg7+ Qxg7 29. Qxe6+ Kh8 30. Bc3 Kh7 31. Bxe5 Qxg2 32. Bxf4 1-0

[Event "Schachfestival 2012"]
[Site "Bad WÃ¶rishofen"]
[Date "2012.03.07"]
[Round "6.78"]
[White "Ellinger, Peter"]
[Black "Espig, Lutz"]
[Result "1/2-1/2"]
[WhiteElo "2009"]
[BlackElo "2343"]
[PlyCount "55"]
[EventDate "2012.??.??"]

1. e4 c5 2. c3 d5 3. exd5 Qxd5 4. d4 e6 5. Nf3 Nf6 6. Bd3 Be7 7. dxc5 Bxc5 8.
O-O O-O 9. Qe2 Nbd7 10. Nbd2 Qh5 11. Ne4 Nxe4 12. Qxe4 Nf6 13. Qe5 Qxe5 14.
Nxe5 Rd8 15. Rd1 Rd5 16. Bf4 Bd6 17. Bc4 Bxe5 18. Bxe5 Rxd1+ 19. Rxd1 Kf8 20.
Bxf6 gxf6 21. Rd8+ Ke7 22. Rh8 b6 23. Rxh7 Bb7 24. Rh4 Rg8 25. g3 Rg5 26. Rd4
Ra5 27. Bb3 Re5 28. f4 1/2-1/2

[Event "Schachfestival 2012"]
[Site "Bad WÃ¶rishofen"]
[Date "2012.03.07"]
[Round "6.14"]
[White "Lötscher, Roland"]
[Black "Felgendreher, Heiko"]
[Result "1-0"]
[WhiteElo "2368"]
[BlackElo "2196"]
[PlyCount "57"]
[EventDate "2012.??.??"]

1. d4 Nf6 2. c4 g6 3. Nc3 d5 4. cxd5 Nxd5 5. e4 Nxc3 6. bxc3 Bg7 7. Nf3 O-O 8.
Be2 c5 9. Rb1 cxd4 10. cxd4 Qa5+ 11. Bd2 Qxa2 12. O-O Bg4 13. Bg5 h6 14. Be3
Nc6 15. d5 Bxf3 16. Bxf3 Rfd8 17. Rxb7 e6 18. g3 Ne5 19. Bg2 exd5 20. exd5 Nc4
21. Qf3 Nd6 22. Rc7 Qa5 23. Rfc1 Rac8 24. R7c6 Bb2 25. R1c5 Qe1+ 26. Bf1 Rxc6
27. dxc6 Ba3 28. Qf6 Rb8 29. Bd4 1-0

[Event "Schachfestival 2012"]
[Site "Bad WÃ¶rishofen"]
[Date "2012.03.07"]
[Round "6.17"]
[White "Urban, Rudolf"]
[Black "Lampert, Jonas"]
[Result "0-1"]
[WhiteElo "1941"]
[BlackElo "2203"]
[PlyCount "34"]
[EventDate "2012.??.??"]

1. d4 d5 2. Nf3 Nf6 3. Bf4 c5 4. e3 Nc6 5. c3 Qb6 6. Qb3 c4 7. Qxb6 axb6 8. Na3
Na7 9. b4 Ne4 10. Nd2 Nxc3 11. Naxc4 dxc4 12. Nxc4 Nd5 13. Rc1 b5 14. Na3 e5
15. Nxb5 Bxb4+ 16. Kd1 exf4 17. Nxa7 Nc3+ 0-1

[Event "Schachfestival 2012"]
[Site "Bad WÃ¶rishofen"]
[Date "2012.03.07"]
[Round "6.38"]
[White "Astengo, Corrado"]
[Black "Schinnerl, Werner"]
[Result "1-0"]
[WhiteElo "2122"]
[BlackElo "1921"]
[PlyCount "43"]
[EventDate "2012.??.??"]

1. e4 e5 2. Nf3 Nc6 3. Bb5 Nge7 4. c3 Ng6 5. d4 exd4 6. cxd4 Bb4+ 7. Nc3 O-O 8.
O-O d6 9. Nd5 Ba5 10. Bg5 Nce7 11. Nh4 f6 12. Nxe7+ Nxe7 13. Be3 c6 14. Bd3 Qe8
15. Qf3 Be6 16. Qg3 Bc7 17. Rfe1 Qf7 18. b3 Rac8 19. Nf5 Nxf5 20. exf5 Bd7 21.
Bf4 Qh5 22. Re7 1-0

[Event "Schachfestival 2012"]
[Site "Bad WÃ¶rishofen"]
[Date "2012.03.07"]
[Round "6.41"]
[White "Kugelmann, Werner"]
[Black "Heinich, Manfred"]
[Result "1/2-1/2"]
[WhiteElo "2171"]
[BlackElo "2060"]
[PlyCount "48"]
[EventDate "2012.??.??"]

1. d4 Nf6 2. c4 c5 3. d5 b5 4. cxb5 a6 5. bxa6 g6 6. Nc3 Bxa6 7. Nf3 Bg7 8. g3
d6 9. Bg2 Nbd7 10. O-O Nb6 11. Re1 O-O 12. e4 Nc4 13. Qc2 Qa5 14. Rb1 Ng4 15.
Rd1 Rab8 16. h3 Nge5 17. Ne1 Nd7 18. Na4 Na3 19. bxa3 Rxb1 20. Bd2 Bd3 21. Nxd3
Rxd1+ 22. Qxd1 Qa7 23. Bc3 Bxc3 24. Nxc3 Qxa3 1/2-1/2

[Event "Schachfestival 2012"]
[Site "Bad WÃ¶rishofen"]
[Date "2012.03.07"]
[Round "6.77"]
[White "Schellmann, Frank"]
[Black "Ballon, Günther Jan"]
[Result "1-0"]
[WhiteElo "2055"]
[BlackElo "2183"]
[PlyCount "43"]
[EventDate "2012.??.??"]

1. e4 c5 2. c3 Nf6 3. e5 Nd5 4. Nf3 Nc6 5. Bc4 Nb6 6. Bb3 d6 7. exd6 Qxd6 8.
Na3 a6 9. O-O Bf5 10. d4 cxd4 11. Nxd4 Nxd4 12. cxd4 e6 13. Qf3 Qd7 14. d5 Nxd5
15. Rd1 Bxa3 16. bxa3 O-O 17. Bb2 Rad8 18. h4 h6 19. Rac1 f6 20. Rc5 Bh7 21.
Rcxd5 exd5 22. Rxd5 1-0

[Event "Schachfestival 2012"]
[Site "Bad WÃ¶rishofen"]
[Date "2012.03.08"]
[Round "7.1"]
[White "Pap, Misa"]
[Black "Korchnoi, Viktor"]
[Result "1/2-1/2"]
[WhiteElo "2501"]
[BlackElo "2549"]
[PlyCount "93"]
[EventDate "2012.??.??"]

1. e4 e5 2. Nf3 Nc6 3. Bb5 a6 4. Ba4 Nf6 5. d3 d6 6. c3 Be7 7. O-O O-O 8. Re1
Be6 9. d4 exd4 10. Nxd4 Nxd4 11. cxd4 d5 12. e5 Nd7 13. Bc2 c5 14. Nd2 Rc8 15.
Nf3 Bg4 16. Qd3 g6 17. Bh6 Re8 18. Rac1 cxd4 19. Nxd4 Bg5 20. Bxg5 Qxg5 21. h3
Nxe5 22. Qg3 Qd2 23. Nb3 Nf3+ 24. gxf3 Rxe1+ 25. Kh2 Qe2 26. Nd4 Qc4 27. Rxe1
Qxd4 28. Bxg6 hxg6 29. fxg4 Qxb2 30. Re7 Qf6 31. Rxb7 Rc3 32. Qb8+ Kg7 33. Rb2
d4 34. Rd2 Qf3 35. Qe5+ Kh7 36. Qg3 Qe4 37. Qd6 d3 38. Qf6 Rc7 39. Kg3 Rd7 40.
Qxa6 Qe5+ 41. Kg2 Qe4+ 42. Kg3 Kg7 43. Qb5 Rd4 44. Qg5 Qe1 45. Kg2 Qe4+ 46. Kg3
Qe1 47. Kg2 1/2-1/2

[Event "Schachfestival 2012"]
[Site "Bad WÃ¶rishofen"]
[Date "2012.03.08"]
[Round "7.2"]
[White "Zude, Arno"]
[Black "Andreev, Eduard"]
[Result "0-1"]
[WhiteElo "2442"]
[BlackElo "2478"]
[PlyCount "66"]
[EventDate "2012.??.??"]

1. e4 c5 2. Nf3 d6 3. d4 cxd4 4. Nxd4 Nf6 5. Nc3 Nc6 6. Bg5 e6 7. Qd2 a6 8.
O-O-O Bd7 9. f3 h6 10. Be3 b5 11. Bd3 Ne5 12. f4 Nxd3+ 13. Qxd3 b4 14. Nb1 Qa5
15. a3 d5 16. exd5 Nxd5 17. Bd2 Qb6 18. axb4 Bxb4 19. Nc3 Nxc3 20. Bxc3 Bxc3
21. Qxc3 O-O 22. Nf5 exf5 23. Rxd7 Rfc8 24. Qd4 Qb3 25. Rd8+ Kh7 26. Rxc8 Rxc8
27. c3 Rc4 28. Qe5 Ra4 29. Kb1 Ra2 30. c4 Qxc4 31. Qxf5+ g6 32. Qf6 Ra5 33. Qc3
Qe4+ 0-1

[Event "Schachfestival 2012"]
[Site "Bad Wörishofen"]
[Date "2012.03.08"]
[Round "7.4"]
[White "Mainka, Romuald"]
[Black "Estremera, Sergio"]
[Result "1/2-1/2"]
[WhiteElo "2481"]
[BlackElo "2380"]
[PlyCount "73"]
[EventDate "2012.??.??"]

1. e4 c5 2. Nf3 e6 3. Nc3 a6 4. d4 cxd4 5. Nxd4 b5 6. Bd3 Qb6 7. Nb3 Qc7 8. Qf3
Bb7 9. Bf4 d6 10. O-O Nf6 11. Qe2 Be7 12. a4 b4 13. Na2 Nc6 14. c3 bxc3 15.
Nxc3 Ne5 16. Bxe5 dxe5 17. a5 Nd7 18. Rfc1 Qb8 19. Na4 O-O 20. Nd2 Rd8 21. Rc4
Qd6 22. Rc3 Rac8 23. Nc4 Qd4 24. Rd1 Bb4 25. Rb3 Nc5 26. Nxc5 Qxc5 27. h3 Rd4
28. Ra1 Bxe4 29. Nb6 Bxd3 30. Rxd3 Rcd8 31. Rxd4 exd4 32. Qe4 d3 33. Nc4 d2 34.
Rd1 Rc8 35. b3 g6 36. Qb7 Bxa5 37. Qxa6 1/2-1/2

[Event "Schachfestival 2012"]
[Site "Bad WÃ¶rishofen"]
[Date "2012.03.08"]
[Round "7.7"]
[White "Lötscher, Roland"]
[Black "Meijers, Viesturs"]
[Result "1-0"]
[WhiteElo "2368"]
[BlackElo "2490"]
[PlyCount "57"]
[EventDate "2012.??.??"]

1. d4 Nf6 2. c4 e6 3. g3 d5 4. Bg2 dxc4 5. Nf3 Nc6 6. Qa4 Bd7 7. Qxc4 Na5 8.
Qd3 c5 9. O-O Qb6 10. Nc3 Rd8 11. Be3 Bc6 12. Rfd1 Qxb2 13. Ne5 cxd4 14. Bxd4
Bc5 15. Rab1 Rxd4 16. Rxb2 Rxd3 17. Bxc6+ bxc6 18. Rxd3 O-O 19. Nd7 Nxd7 20.
Rxd7 Nc4 21. Rbb7 Bb6 22. Rd1 g5 23. Na4 Kg7 24. Nxb6 axb6 25. Rc1 b5 26. a4
Na5 27. Ra7 Nb3 28. Rxc6 bxa4 29. Rxe6 1-0

[Event "Schachfestival 2012"]
[Site "Bad Wörishofen"]
[Date "2012.03.08"]
[Round "7.8"]
[White "Karpatchev, Alexandr"]
[Black "Wichmann, Cliff"]
[Result "1-0"]
[WhiteElo "2443"]
[BlackElo "2361"]
[PlyCount "81"]
[EventDate "2012.??.??"]

1. e4 e6 2. d4 d5 3. Nd2 c5 4. Ngf3 Nc6 5. exd5 exd5 6. Bb5 cxd4 7. Qe2+ Be7 8.
O-O Bd7 9. Re1 Nf6 10. b3 Kf8 11. Bb2 Bc5 12. Bxc6 bxc6 13. Qd3 Qc7 14. Bxd4
Bxd4 15. Qxd4 c5 16. Qh4 h6 17. h3 Kg8 18. Re5 Kh7 19. Ng5+ Kg8 20. Ngf3 Kh7
21. c4 Rhe8 22. Rae1 Rxe5 23. Rxe5 Re8 24. Rxe8 Bxe8 25. cxd5 Qd7 26. Ne4 Nxd5
27. Nxc5 Qc6 28. Qe4+ g6 29. b4 Nc3 30. Qe7 Nd5 31. Qe4 Nc3 32. Qe1 Nd5 33. Nd4
Qc8 34. Qe5 Nxb4 35. Ne4 Qc1+ 36. Kh2 Nd3 37. Qxe8 Qc7+ 38. g3 Ne5 39. Nf6+ Kg7
40. Ng4 Nd3 41. Qe3 1-0

[Event "Schachfestival 2012"]
[Site "Bad Wörishofen"]
[Date "2012.03.08"]
[Round "7.10"]
[White "Lampert, Jonas"]
[Black "Ivanov, Mikhail"]
[Result "1-0"]
[WhiteElo "2203"]
[BlackElo "2401"]
[PlyCount "79"]
[EventDate "2012.??.??"]

1. e4 c5 2. Nf3 d6 3. d4 cxd4 4. Nxd4 Nf6 5. Nc3 a6 6. Bg5 Nbd7 7. Bc4 Qb6 8.
Bb3 e6 9. O-O Be7 10. Kh1 Nc5 11. f4 h6 12. Bxf6 Bxf6 13. e5 dxe5 14. fxe5 Bxe5
15. Na4 Qd6 16. Nxc5 Qxd4 17. Ba4+ b5 18. Qf3 O-O 19. Qxa8 Qxc5 20. Bb3 Qc7 21.
Qe4 Bxh2 22. Rad1 Be5 23. c3 Bb7 24. Qg4 Qe7 25. Rde1 Bf6 26. Bc2 Rd8 27. Be4
Bxe4 28. Qxe4 Qc5 29. Qg4 Rd5 30. Rf3 a5 31. Ref1 b4 32. cxb4 axb4 33. b3 Rg5
34. Qe4 Qa5 35. Rc1 Bc3 36. a4 g6 37. Rcf1 Rh5+ 38. Rh3 Rxh3+ 39. gxh3 Qc7 40.
Qf3 1-0

[Event "Schachfestival 2012"]
[Site "Bad WÃ¶rishofen"]
[Date "2012.03.08"]
[Round "7.12"]
[White "Teske, Henrik"]
[Black "Tennstedt, Andreas"]
[Result "1-0"]
[WhiteElo "2554"]
[BlackElo "2186"]
[PlyCount "69"]
[EventDate "2012.??.??"]

1. d4 c5 2. Nf3 cxd4 3. Nxd4 d5 4. Bf4 Nc6 5. Nc3 a6 6. e4 e6 7. exd5 exd5 8.
Qd3 Nf6 9. O-O-O Be7 10. Nf5 Bxf5 11. Qxf5 O-O 12. Nxd5 Nxd5 13. Rxd5 Qb6 14.
Be3 Qb4 15. a3 Qa4 16. Bd3 g6 17. Qe4 Qxe4 18. Bxe4 Rfd8 19. Rhd1 Rxd5 20. Rxd5
Rd8 21. Rxd8+ Bxd8 22. Kd2 f5 23. Bd5+ Kg7 24. Kd3 Kf6 25. Kc4 Be7 26. f4 Bd6
27. b4 h6 28. h4 Be7 29. c3 Bd6 30. a4 Be7 31. g3 Bd6 32. a5 Kg7 33. Bxc6 bxc6
34. Bc5 Bb8 35. Bd4+ 1-0

[Event "Schachfestival 2012"]
[Site "Bad Wörishofen"]
[Date "2012.03.08"]
[Round "7.14"]
[White "Espig, Lutz"]
[Black "Santl, Anton"]
[Result "1-0"]
[WhiteElo "2343"]
[BlackElo "2075"]
[PlyCount "55"]
[EventDate "2012.??.??"]

1. Nf3 Nf6 2. c4 g6 3. b4 Bg7 4. Bb2 O-O 5. e3 d6 6. Be2 e5 7. d4 Nc6 8. b5 Ne7
9. Nc3 Nd7 10. O-O f5 11. Ng5 Nf6 12. dxe5 dxe5 13. c5 Qe8 14. Qb3+ Kh8 15. Bc4
Bd7 16. Nf7+ Rxf7 17. Bxf7 Qf8 18. Rad1 a6 19. a4 axb5 20. axb5 h6 21. Ne2 Bxb5
22. Qxb5 Qxf7 23. Bxe5 Ra2 24. Nc3 Rc2 25. Qxb7 Ng4 26. Bxg7+ Kxg7 27. Rd7 Rxc3
28. Qb2 1-0

[Event "Schachfestival 2012"]
[Site "Bad Wörishofen"]
[Date "2012.03.08"]
[Round "7.15"]
[White "Kozlov, Alexander"]
[Black "Buchal, Stephan"]
[Result "1-0"]
[WhiteElo "2170"]
[BlackElo "2330"]
[PlyCount "79"]
[EventDate "2012.??.??"]

1. d4 g6 2. c4 Bg7 3. Nc3 d6 4. Nf3 Nf6 5. e4 O-O 6. Be2 e5 7. O-O Na6 8. Re1
c6 9. Bf1 Bg4 10. d5 c5 11. Bg5 Nc7 12. h3 Bd7 13. Qd2 Qe8 14. a3 Kh8 15. b4 b6
16. bxc5 bxc5 17. Rab1 Bc8 18. Bd3 Nd7 19. Qe2 f5 20. Bd2 Nf6 21. Bc2 Qe7 22.
Ba4 Ba6 23. Bg5 Rab8 24. Nh4 f4 25. Bb5 Bc8 26. Ba4 Ba6 27. Bb5 Bc8 28. Ba4
Rxb1 29. Rxb1 Qf7 30. Bxf6 Bxf6 31. Nf3 g5 32. Nh2 h5 33. Bd1 h4 34. Qh5+ Kg7
35. Qxf7+ Kxf7 36. Nf1 Ba6 37. Nd2 Na8 38. Be2 Ke7 39. a4 Kd7 40. Nb5 1-0